Sánchez Guerra (Record no. 185406)
[ view plain ]
| 000 -LEADER | |
|---|---|
| campo de control de longitud fija | 01311nam a2200277 i 4500 |
| 001 - NÚMERO DE CONTROL | |
| campo de control | 185406 |
| 003 - IDENTIFICADOR DE NÚMERO DE CONTROL | |
| campo de control | ES-MaACL |
| 005 - FECHA Y HORA DE LA ÚLTIMA TRANSACCIÓN | |
| campo de control | 20250927135246.0 |
| 008 - DATOS DE LONGITUD FIJA--INFORMACIÓN GENERAL | |
| campo de control de longitud fija | 160531s1948 sp cf |||| |bspa d |
| 080 ## - NÚMERO DE LA CLASIFICACIÓN DECIMAL UNIVERSAL | |
| Número de la Clasificación Decimal Universal | 929 Sánchez Guerra, José |
| 100 1# - ENTRADA PRINCIPAL--NOMBRE DE PERSONA | |
| Nombre de persona | Armiñán, Luis de, |
| Fechas asociadas al nombre | 1899-1987 |
| 9 (RLIN) | 155862 |
| 245 10 - MENCIÓN DEL TÍTULO | |
| Título | Sánchez Guerra |
| Resto del título | : [boceto biográfico] / |
| Mención de responsabilidad, etc. | por Luis de Armiñán. |
| 260 ## - PUBLICACIÓN, DISTRIBUCIÓN, ETC. | |
| Lugar de publicación, distribución, etc. | Madrid : |
| Nombre del editor, distribuidor, etc. | Purcalla, |
| Fecha de publicación, distribución, etc. | 1948. |
| 300 ## - DESCRIPCIÓN FÍSICA | |
| Extensión | 177 p., [6] h. de lám., [1] h. pleg. de lám. : |
| Otras características físicas | 1 retr. ; |
| Dimensiones | 21 cm. |
| 490 1# - MENCIÓN DE SERIE | |
| Mención de serie | Medio siglo de historia. |
| -- | Los presidentes del Consejo de la Monarquía, 1874-1931 ; |
| Designación de volumen o secuencia | 20 |
| 490 1# - MENCIÓN DE SERIE | |
| Mención de serie | Los presidentes del Consejo de la Monarquía Española, 1874-1931 |
| 594 ## - Nota al título y mención de responsabilidad | |
| Nota al título y mención de responsabilidad | Subtít. tomado de p. tras port. |
| 599 ## - NOTA A LAS ILUSTRACIONES | |
| NOTA A LAS ILUSTRACIONES | Retr. y autógr. de Sánchez Guerra. |
| 599 ## - NOTA A LAS ILUSTRACIONES | |
| NOTA A LAS ILUSTRACIONES | En h. pleg. de lám.: Galeradas suscritas por J. Sánchez Guerra. |
| 600 14 - PUNTO DE ACCESO ADICIONAL DE MATERIA--NOMBRE DE PERSONA | |
| Nombre de persona | Sánchez Guerra, José, |
| Fechas asociadas al nombre | 1859-1935 |
| 9 (RLIN) | 102690 |
| 830 0# - PUNTO DE ACCESO ADICIONAL DE SERIE-TÍTULO UNIFORME | |
| Título uniforme | Medio siglo de historia. |
| -- | Los presidentes del Consejo de la Monarquía, 1874-1931 ; |
| Designación de volumen o secuencia | 20 |
| 9 (RLIN) | 192289 |
| 830 0# - PUNTO DE ACCESO ADICIONAL DE SERIE-TÍTULO UNIFORME | |
| Título uniforme | Los presidentes del Consejo de la Monarquía Española, 1874-1931 |
| 9 (RLIN) | 192290 |
| 852 ## - LOCALIZACIÓN | |
| Ubicación | ES-MaACL |
| Número de control de estantería | E-4339 |
| Nota libre | |
| 852 ## - LOCALIZACIÓN | |
| Ubicación | ES-MaACL |
| Número de control de estantería | L-31588 |
| Nota libre | - enc. cart. |
| -- | . - Donat. herederos de la bibl. de Mª del Pilar Costa Palacín |
| Estatus retirado | Estado de pérdida | Estado de daño | No para préstamo | Biblioteca de origen | Biblioteca actual | Ubicación en estantería | Fecha de adquisición | Fuente de adquisición | Total de préstamos | Signatura topográfica completa | Código de barras | Visto por última vez | Precio de reemplazo | Tipo de ítem Koha |
|---|---|---|---|---|---|---|---|---|---|---|---|---|---|---|
| Biblioteca del Ateneo de Madrid | Biblioteca del Ateneo de Madrid | Depósito 2 | 31/05/2016 | E-4339 | 1195334 | 23/02/2023 | 23/02/2023 | Libro impreso | ||||||
| Biblioteca del Ateneo de Madrid | Biblioteca del Ateneo de Madrid | Depósito 2 | 17/05/2017 | L-31588 | 1197584 | 23/02/2023 | 23/02/2023 | Libro impreso |
